Statistics for Walt Disney World hotel descriptions. Which hotel is this?

Click here to take the quiz!

General Stats

  • This quiz has been taken 583 times
  • The average score is 10 of 15

Answer Stats

HintAnswer% Correct
One of the original two. Ultra-modern look.Contemporary Resort
92%
Considered to be WDW's flagship hotel overlooking the Magic Kingdom.Grand Floridian Resort & Spa
88%
Three hotels right next to each other at the lowest ratesAll-Star Resorts
77%
Built to bring Canada's outdoors to Florida.Wilderness Lodge Resort
70%
Sister hotel to #12 with animated character themingArt of Animation Resort
69%
Built by the same architect as #3 but substitute Tanzania for Canada.Animal Kingdom Lodge
68%
Home of last century era themingPop Century Resort
67%
Home to Stormalong Bay - the best pool on property.Beach Club Resort
65%
Atlantic City - themed hotel opposite nos 5 and 6.BoardWalk Resort
65%
The sister resort to #5 except it's gray.Yacht Club Resort
63%
Sister hotel to #8 with a Mississippi themePort Orleans - Riverside Resort
55%
New Orleans themed moderate level hotelPort Orleans - French Quarter Resort
50%
Home to fairy and pirate rooms at this hotel.Caribbean Beach Resort
49%
Racecourse themed Disney Vacation Club offeringSaratoga Springs Resort & Spa
45%
Disney's original Disney Vacation Club offeringOld Key West Resort
41%

Score Distribution

Percentile by Number Answered

Percent of People with Each Score

Your Score History

You have not taken this quiz